| 000 | 00782nam a2200217 4500 | ||
|---|---|---|---|
| 001 | 38486 | ||
| 003 | BD-RjUL | ||
| 005 | 20211209052815.0 | ||
| 008 | 151219s1964 ii |||| |||| 000 f ben d | ||
| 035 | _a(BD-RjUL)38591 | ||
| 040 |
_aBD-RjUL _bben _cBD-RjUL |
||
| 041 | _aben | ||
| 082 |
_a891.443 _bMIK 1964 |
||
| 100 |
_aমিত্র, বিমল. _9112219 |
||
| 245 |
_aকড়ি দিয়ে কিনলাম / _cবিমল মিত্র. _n২য় খণ্ড |
||
| 260 |
_aকলিকাতা : _bমিত্র ও ঘোষ, _c১৯৬৪ |
||
| 300 |
_a৬৪০ পৃ. ; _c২২ সেমি. |
||
| 650 |
_aবাংলা সাহিত্য _9112220 _vউপন্যাস |
||
| 650 |
_aBengali Literature _9112221 _vNovels |
||
| 942 |
_2ddc _cBK _01 |
||
| 999 |
_c38486 _d38486 |
||